000 00650nam a2200241Ia 4500
003 OSt
005 20220918193222.0
006 a|||||r|||| 00| 0
007 ta
008 220917b |||||||| |||| 00| 0 eng d
024 _a72,303
037 _cTextual
040 _aARTS
_cARTS
_beng
041 _2eng
_aeng
082 _aR43,11, N4
100 _aSeidler Victor J
_978324
245 0 _aRecovering the self
_b morality and social theory
260 _aLondon
_bRoutledge
_c1994
300 _avii,235p.
_ccm.
650 _aSOCIAL ETHICS
_9763
942 _hR43,11, N4
_cTEXL
_2CC
999 _c198305
_d198305